000
00276nam a22001337a 4500
008
170714b xxu||||| |||| 00| 0 eng d
020
_a
xx5290e
041
_a
eng
080
_a
101
100
_a
24
101
_a
FIL
245
_a
USMLE STEP 1
_c
MANLEY,M.S
942
_2
udc
_c
BK
999
_c
20925
_d
20925